Countries of the Americas A-Z Quiz Stats

Quiz Updated May 17, 2016

Challenge
Share
Tweet
Embed
Score 0/15 Timer 01:30
1 Play Today
Letter Country % Correct
CCanada...
98.4%
BBahamas...
98%
AAntigua and Barbuda...
90.9%
UUnited States...
88.6%
PPanama...
88.4%
HHaiti...
87.8%
EEcuador...
84.9%
GGrenada...
81.3%
Letter Country % Correct
VVenezuela
79.8%
JJamaica
79.8%
MMexico
79.5%
DDominica...
75.3%
NNicaragua
70.5%
SSaint Lucia...
65.4%
TTrinidad and Tobago
59.7%

You're not logged in!

Compare scores with friends on all Sporcle quizzes.
Join for Free
OR
Log In

You Might Also Like...

Show Comments

Extras

Top Quizzes Today


Score Distribution

Your Account Isn't Verified!

In order to create a playlist on Sporcle, you need to verify the email address you used during registration. Go to your Sporcle Settings to finish the process.

Report this User

Report this user for behavior that violates our Community Guidelines.

Details: